000 00642nam a22001937a 4500
003 KOHA_MİRAKIL
005 20260602104510.0
008 260602b tu ||||| |||| 00| 0 tur d
040 _aTR-AnABB
_btur
_cTR-AnABB
041 _atur
082 _a363.58
_bTMM 1986
110 _aTMMOB Mimarlar Odası İstanbul Şubesi
_93649
245 1 0 _aBarınaksızlara konut kongresi 21-22 Ocak 1986 /
_cTMMOB Mimarlar Odası İstanbul Şubesi
260 _aİstanbul :
_bTMMOB Mimarlar Odası İstanbul Şubesi,
_c1986
300 _a150 sayfa ;
_c20 cm
650 0 4 _aSosyal konut politikaları
650 0 4 _aBarınma
942 _2ddc
_cBK
999 _c10399
_d10399
900 _bCan ÇELIK